Europe trip quiz - Statistics

General Stats
  • This quiz has been taken 17 times
  • The average score is 8 of 15
Answer Stats
Hint Answer % Correct
What is the opposite of sustained Overruled
75%
What did jake text the group chat from the pub crawl in Budapest Red Help
75%
How many hours was our train delayed in Krakow 2
63%
What did Cooper give to the hostel in Budapest Everything
63%
What football managers name was chanted in the same pub crawl Postecoglu
63%
What emoji did Cooper put at the end of the sorry message to Lando 😭
50%
What was the number of the legendary bus in Bratislava 39
50%
What room number was pissed at us when we did pres in our hostel in Bratislava 401
50%
In what city did the Aquarium explode Berlin
50%
Who knocked over Toms vodka redbull in the club in Budapest George
50%
What was the energy drink mixed with Vodka during 24 in 12 Kong
50%
What was the first location we went to during 24 in 12 Prague Castle
50%
What type of party were we invited to attend in Krakow Sausage
50%
Where in Bratislava was described as a new low by Cooper Chinese Restaurant
38%
In what US state is slavery still legal according to guy in Prague hostel Oregon
38%
No matching quizzes found
Score Distribution
Percent of People with Each Score
Percentile by Number Answered
Your Score History
You have not taken this quiz